00473nam a2200193 a 4500001001300000003000900013005001700022008004100039020001000080082001600090100002000106245001900126260002300145300000900168500003500177505002800212650001900240700002000259nice12345678IN_TiNIC20260116015248.0050524s1963 lona grp 000 0 eng  ac10000a248.4bBLA1 aBlamires, Harry aChristian Mind aLondonbSpckc1963 a191p aincludes index and biblioraphy2 aForeign Parts 1701-1950 aChristian-Life1 aBlamires, Harry